• 首页
  • 本馆介绍
  • 公告通知
  • 最新文献
  • 馆藏检索
  • 电子资源
  • 读者导购
  • 参考咨询
  • 我的图书馆
  • 登录
  • 详细信息显示
  • 放入我的书架
  • 预约/预借图书
  • 作者相关作品
  • 分类相关作品
  • 丛书相关作品
  • 出版社相关作品

书目信息

  • 表格格式
  • 工作单格式
  • 卡片格式
题名:
从毛到邓
    
 
作者: 金钟 著
分册:  
出版信息: 台北   久大文化股份有限公司  1988.01
页数: 394页
开本: 21cm
丛书名:
单 册:
中图分类: D602
科图分类:
主题词: 政治--中国
电子资源:
ISBN:
000 00580nam0 2200205 45
001 0503150878
005 20050315084936.4
010    @dCNY28.60
100    @a20050315d1988 km y0chiy0120 ea
101 0  @achi
105    @a z 000yy
200 1  @a从毛到邓@ACong Mao Dao Deng@e主义的失落@EZhu Yi De Shi Luo@f金钟著@FJin Zhong Zhu
210    @a台北@c久大文化股份有限公司@d1988.01
215    @a394页@d21cm
517    @a主义的失落@AZhu Yi De Shi Luo
606 0  @a政治@x中国
690    @aD602@v3
701  0 @a金钟@4著
801    @aCN@bPftUser@c20050315
905    @f1@b220156@dD602@e35
    
    从毛到邓:主义的失落/金钟著.-台北:久大文化股份有限公司,1988.01
    394页;21cm
    
    
    ISBN :CNY28.60
    
●
相关链接 在E读中查询图书 在五车中查询图书 在当当中查询图书 在豆瓣中查询图书


正题名:从毛到邓     索取号:D602/35         预约/预借

序号 登录号 条形码 馆藏地/架位号 状态 备注
1 0220156   001975134   不可借-四借/ [索取号:D602/35] 在馆    
唐山师范学院图书馆 欢迎您!
大连网信软件有限公司© 版权所有